[Event "Bundesliga 0910"]
[Site "Germany"]
[Date "2009.12.12"]
[Round "5.3"]
[White "Hector, Jonny"]
[Black "Areshchenko, Alexander"]
[Result "1/2-1/2"]
[WhiteElo "2568"]
[BlackElo "2667"]
[Annotator "Meyer,CD"]
[PlyCount "138"]
[EventDate "2009.10.16"]
[EventType "team-tourn"]
[EventRounds "15"]
[EventCountry "GER"]
[SourceTitle "CBM 134"]
[Source "ChessBase"]
[SourceDate "2010.01.18"]
[SourceVersion "1"]
[SourceVersionDate "2010.01.18"]
[SourceQuality "1"]
[WhiteTeam "Emsdetten Turm"]
[BlackTeam "Werder Bremen"]
[WhiteTeamCountry "GER"]
[BlackTeamCountry "GER"]

1. e4 c5 2. Nf3 d6 3. d4 cxd4 4. Nxd4 Nf6 5. Nc3 a6 6. Bg5 e6 7. f4 Qb6 8. Qd2
Qxb2 9. Rb1 Qa3 10. f5 Nc6 11. fxe6 fxe6 12. Nxc6 bxc6 13. e5 dxe5 14. Bxf6
gxf6 15. Ne4 Qxa2 $5 ({Ein ausgetretener Pfad im Variantendschungel der
berühmt-berüchtigten Bauernraub-Variante, und obwohl die Partiefortsetzung als
sehr verwegen gilt, ist bis heute keineswegs klar, ob die traditionelle
Hauptvariante} 15... Be7 16. Be2 h5 {den Vorzug verdient.}) 16. Rd1 Be7 17. Bd3
$2 {Dieser Läuferzug, der von Igor Platonov (1934-1995) vorgeschlagen wurde,
hält heute keiner näheren Prüfung mehr stand!} ({Gebräuchlicher, besser und
ein anderes Thema ist} 17. Be2 $142 O-O 18. O-O Ra7 $132 (18... f5 $6 19. Qh6
$1)) 17... O-O ({Alternativen: I} 17... f5 18. O-O Ra7 $6 (18... O-O $142 {
mit Zugumstellung zur Hauptpartie}) 19. Be2 (19. Qh6 Rd7 20. Nf6+ Bxf6 21. Qxf6
Rf8 22. Qxe5 Qd5 23. Qe2 $5 $13 (23. Qb8 $2 Kf7 $17 {Bouaziz - Nunn, Hamburg
1982})) 19... h5 20. Qc3 (20. Nd6+ $5 Bxd6 21. Qxd6 Qa5 22. Bc4) 20... O-O {
(remis, T. Dominici - J.F. Baudoin, FRA AJEC Defi corr 1995)} 21. Qg3+ Kh7 22.
Bxh5 Qxc2 (22... Rg8 23. Qh3) 23. Bg6+ $5 Kh6 24. Be8 Rxe8 25. Rd3 f4 26. Qh3+
Kg7 27. Qg4+ Kf8 28. Rxf4+ exf4 29. Qxf4+ Bf6 30. Qxf6+ Rf7 31. Qh8+ Ke7 32.
Qh4+ Kf8 33. Qh8+ Ke7 34. Qh4+ {remis, Buczinski,H (2318) - Dambrauskas,V 
(2479), ICCF Email 2004/ICCF}) ({II} 17... Bb7 $2 18. Nxf6+ $1 Bxf6 19. Bg6+ $1
hxg6 20. Qd7+ Kf8 21. O-O $18) ({III} 17... Ra7 $6 18. O-O f5 {ist
Zugumstellung zu 17...f5/18...Ra7?! (I)} (18... O-O 19. Nxf6+ Bxf6 (19... Rxf6
$2 20. Qg5+ Rg6 21. Qh5 $1) 20. Rxf6 Rxf6 21. Qg5+ Kf7 22. Bxh7 Rd7 23. Qg8+
Ke7 24. Qg7+ Rf7 (24... Ke8 25. Qg8+ Ke7 26. Qg7+) 25. Qg5+ $11)) 18. O-O f5
19. Rf3 {Angriffsfreudig wie der sagenhafte Trojanerheld geht Hector zur Sache,
und überrascht seinen jungen, weniger erfahrenen Gegner mit einem ganz
seltenen Zug, der meines Erachtens die Variante für Weiß aber auch nicht
rettet.} ({Das herkömmliche} 19. Qh6 {scheint allerdings auch keine
ausreichende Kompensation zu bieten, z.B.:} Rf7 ({Zwar ein "alter Hut", aber} 
19... fxe4 $2 {scheitert klar an} 20. Bxe4 Bc5+ (20... Rf5 21. Rf3 $1 $18 Rxf3
(21... Bg5 22. Rg3) 22. Bxh7+ Kh8 (22... Kf7 23. Qg6+ Kf8 24. Qg8#) 23. Bg6+
Kg8 24. Qh7+ Kf8 25. Qh8#) 21. Kh1 Ra7 22. Rd8 $1 Qa3 23. Rxc8 {und gewinnt})
20. Rf3 {Ob dies nun der richtige Moment für den Auftritt des Turms ist? Ich
halte 17.Bd3-Variante jedenfalls für untauglich, und die nachfolgenden
Beispiele/Analysen mögen dies belegen:} Bd7 $1 (20... Qa5 $6 21. Rg3+ (21. Bc4
{Platonow} Kh8 22. Qh5 Qc7 23. Kh1 Rf8 24. Rh3 Bd8 25. Nd6 Qe7 26. Nxc8 Rxc8
27. Bxe6 Rc7 28. Bxf5 Qg5 29. Qxg5 Bxg5 30. g4 a5 31. Ra1 Ra7 32. Rha3 Bd8 33.
Kg2 $15 {/=}) 21... Kh8 22. Qh5 Ra7 23. Kh1 Rf8 24. Qh6 Rf7 (24... Bc5 $142 $1)
25. Qh5 (25. Qh5 Bf8 26. Ng5 Rfe7 27. Bc4 e4 28. Nxe4 Rad7 29. Rf1 Qe5 30. Ng5
Rc7 31. Rd3 Qf6 $15) 25... Rf8 26. Qh6 Rf7 27. Qh5 {remis, B. Filipovic - P.
Stempin, Graz 1981}) (20... Kh8 $6 21. Qh5 $1 Ra7 22. Kh1 Rf8 (22... Rg7 $2 23.
Rg3 Bf8 24. Ng5 Rge7 (24... Rae7 25. Bf1 Qa5 26. Qh6 Kg8 27. Nxh7 $18) 25. Bf1
Qa5 26. Rgd3 Kg8 27. Rd8 Rad7 28. Rxc8 Rxd1 29. Qxd1 Qd5 30. Qh5 Qd7 31. Rb8 {
1-0 Eiben,P (2501)-Pheby,I (2457)/ICCF email 2003/Corr 2006}) (22... Bf8 $2 23.
Bf1 Qa5 24. Ng5 Rg7 25. Rfd3 Qc7 26. Rd8 Kg8 27. h4 {1-0 Daurelle,H (2272)
-Dyakov,A (2223)/Chessfriend.com 2005/Telechess}) 23. Qh6 (23. Rh3 Bd8 24. Nd6
$44 {/=}) 23... Rf7 24. Qh5 Rf8 25. Qh6 $11) (20... Bb7 $6 21. Nc3 (21. Bf1
Raf8 (21... Kh8) 22. Rd7 fxe4 23. Rxe7 exf3 24. Qg5+ {1/2-1/2 Gronkowski,D 
(2384)-Degerhammar,R (2488)/ICCF Email 2004/ICCF}) 21... Qa5 22. Qxe6 Raf8 23.
Bxf5 Bc8 {1/2-1/2 Dvorniak,A (2250)-Petrolo,M (2121)/ICCF WS 2004/ICCF} (23...
Kh8 24. Bxh7 Rxh7 (24... Qc5+ 25. Kh1 Bc8 26. Qh6 Rxh7 27. Rxf8+ Bxf8 28. Qf6+
Kg8 29. Ne4 Qe7 30. Rd8 Rf7 31. Qg6+ Kh8 32. Qh6+ Kg8 33. Qg6+ $11) 25. Rxf8+
Bxf8 26. Qf6+ Kg8 27. Qg6+ Rg7 28. Qe6+ Rf7 29. Ne4 Be7 30. Qg6+ Rg7 (30... Kf8
31. Qh6+ Ke8 32. Qh8+ Rf8 33. Qh5+ $11) 31. Qe8+ Kh7 32. Qh5+ $11) (23... Bc8
24. Bxh7+ $1 Kh8 25. Qh6 Qc5+ 26. Kh1 Rxh7 27. Rxf8+ Bxf8 28. Qf6+ Kg8 29. Ne4
Qe3 (29... Qe7 30. Rd8) 30. Qg6+ Kh8 31. Qf6+ Kg8 32. Qg6+ $11)) 21. Bf1 (21.
Be2 Qxc2 (21... Kh8 $142 $1 22. Rxd7 Bf8 23. Qd2 Rxd7 24. Qxd7 fxe4 25. Rf1 (
25. Rf7 Qa1+ 26. Kf2 Qd4+) 25... Qxc2 $1 26. Rf7 Qc1+ 27. Bf1 Kg8 28. Qxe6 Qc5+
29. Kh1 Qd5 $17) 22. Rxd7 Qxe2 23. Re3 $2 (23. Rxe7 Qxe4 24. Qxe6 Qd4+ 25. Rf2
(25. Kf1 $2 Qd1+ 26. Kf2 Qd2+ 27. Kf1 Qc1+ 28. Ke2 Qb2+ 29. Kf1 Qb5+ 30. Kf2
Qc5+ {-xe7-+}) 25... Qd1+ 26. Rf1 Qd5 27. Qxd5 cxd5 28. Rxe5 a5) 23... fxe4 $19
24. Rxe2 Bc5+ 25. Re3 Rxd7 26. Kf1 Bxe3 27. Qxe3 Rd5 28. Qg5+ Kf7 29. Qh5+ Ke7
30. Qxh7+ Kd6 {0-1 Mohan,C (2400)-Fecht,H (2560)/ICCF 1997}) 21... Rd8 22. Rg3+
Kh8 23. Qh5 (23. Ng5 Bxg5 24. Qxg5 Rdf8 25. Be2 Qxc2 26. Bh5 f4 27. Qxe5+ Rf6
28. Rgd3 f3 29. Bxf3 Be8 30. R1d2 Qb1+ 31. Rd1 Qb5 32. Qc3 Kg8 33. h3 Bg6 34.
Rd7 c5 35. Kh1 Qb4 36. Qe5 Qf4 37. Qc3 Qh6 38. Kh2 Bf5 39. Rf1 e5 40. Kg1 Bxd7
41. Qxe5 Rxf3 {0-1 Anisimov,P (2501)-Kim,A (2437)/St Petersburg 2005}) 23...
Be8 $17 24. Nd6 (24. Ng5 Rxd1 25. Nxf7+ Bxf7 26. Qxd1 Qd5 $17) 24... Rxd6 25.
Rxd6 e4 26. Rxc6 Qa1 27. h4 Rf8 28. Qh6 Qd4+ {0-1 Ernst,T-Fedder,S/Copenhagen
1982}) 19... fxe4 $2 {Ein schlimmer Fehler. Dem Analytiker drängt sich der
Eindruck auf, daß beide Spieler im Variantendickicht herumirren. Alternativen:}
({I} 19... Kh8 $1 {Die gebotene Prophylaxe; das Opferangebot sollte Schwarz
hier besser verschmähen und stattdessen seine Position konsolidieren.} 20. Qh6
Bd7 21. Rg3 (21. Ng5 Bxg5 22. Qxg5 Rf7 23. Rg3 Qa5 24. Be2 Qc5+ 25. Kh1 Qe7 26.
Qd2 Be8 27. Qc3 Qf6 $17) 21... Rf7 22. Ng5 Bxg5 23. Qxg5 Qa5 $5 (23... Qa3 $5
24. Bxf5 Qc5+ 25. Kh1 exf5 26. Rxd7 Qf8 $17) 24. Be2 Qc5+ 25. Kf1 Qe7 26. Qd2
e4 27. Bh5 f4 28. Rg5 c5 29. Bxf7 Bb5+ 30. c4 Bxc4+ 31. Ke1 Qxg5 32. Qc3+ Qg7
33. Qxc4 Qxf7 34. Qxe4 Re8 35. Rd6 a5 36. Qa4 Qg6 37. Qxf4 Qg7 38. Qe4 a4 39.
Rd3 Rf8 40. Qxa4 Qe5+ 41. Kd1 Qb2 {0-1 Sophistry,R (2405)-PAKman,R (2652)/
playchess.com INT 2006}) ({II Nicht} 19... Rf7 $2 {wegen} 20. Rg3+ Rg7 (20...
Kh8 $2 21. Ng5) 21. Qh6 Rxg3 22. hxg3 Ra7 23. Nf6+ Bxf6 24. Qxf6 Rd7 25. c4 $13
{/=} Rxd3 26. Qg5+ {1/2-1/2 Rodriguez Pardo,F (2165)-Bury,R (2105)/ICCF email
2006/Corr 2008}) 20. Rxf8+ Bxf8 21. Qg5+ Kh8 ({Auf das schwache} 21... Bg7 $2 {
folgt} 22. Bxe4 $1 {und nun z.B.:} Bb7 $2 (22... Qa5 23. Rd8+ Kf7 24. Qh5+ Ke7
(24... Kf6 $143 25. Rd1 Qc5+ 26. Kh1 Qf2 27. Qxh7 Ra7 28. Qg6+ Ke7 29. Qxg7+
Qf7 30. Qxe5 Rd7 31. Qc5+ Kd8 32. Qg5+ Kc7 33. Qe5+ Kd8 34. Rb1 $1 $18) 25.
Qe8+ Kf6 26. Rd1 Qc5+ 27. Kh1 Qf2 28. Bxh7 Ra7 29. Qg6+ Ke7 30. Qxg7+ Qf7 31.
Qxe5 $1 Rd7 (31... Qxh7 $2 32. Qd6+ Kf7 33. Rf1+ $18) 32. Qc5+ Kd8 33. Bd3 $16)
23. Qh5 h6 (23... Qc4 24. Rd7 $18) 24. Qg6 $18 Rf8 (24... Qb2 25. Rf1) 25. Qh7+
Kf7 26. Bg6+ Kf6 27. Bh5 e4 28. Qg6+ Ke5 29. Qxg7+ Rf6 {1-0, Klimov,S (2509)
-Virovlansky,S (2437), Moscow 2005} (29... Rf6 30. Qc7+)) 22. Rf1 $1 Qa3 $8 ({I
} 22... Bd6 $4 23. Qd8+ Kg7 24. Qxd6 $18) ({II} 22... Bc5+ $2 23. Kh1 Ra7 (
23... exd3 24. Qxe5+ Kg8 25. Qg5+ Kh8 26. Qxc5 Bb7 27. Rf8+ Kg7 28. Qe7+ {
nebst Mattsetzung}) 24. Qxe5+ Kg8 (24... Rg7 25. Rf7 Qb1+ 26. Bf1 $18) 25. Qg5+
Kh8 26. Qxc5 $18) 23. Qf6+ Kg8 24. Qf7+ Kh8 25. Bxe4 $5 (25. Qf6+ Kg8 (25...
Bg7 $4 26. Qd8+) 26. Qf7+ $11) 25... Qe3+ $2 ({Um seinen Königsflügel
abzusichern, war entweder Bc5+ plus Ra7 oder Qc5+ nebst Qe7 erforderlich: I} 
25... Bc5+ {am besten} 26. Kh1 Ra7 {und Weiß hat nichts Besseres als
Dauerschach:} 27. Qf6+ Kg8 28. Qg5+ (28. Qd8+ Kg7 (28... Bf8 29. Qxc8 Qd6 30.
Qe8) 29. Qg5+ $11) 28... Kh8 (28... Rg7 29. Qd8+ Bf8 30. Qxc8 Qd6 31. Qxa6) 29.
Qf6+ $11) ({II} 25... Qc5+ 26. Rf2 Qe7 27. Qxf8+ Qxf8 28. Rxf8+ Kg7 29. Rd8 Rb8
(29... a5 30. Bxc6 Ra6 31. Rxc8 a4 32. Bb5 a3 33. Bc4 a2 34. Bxa2 Rxa2 35. Kf2
$14 {/=}) 30. Bxc6 Kf6 31. Re8 a5 32. Kf2 a4 33. Bxa4 Rb4 $14 {/=}) 26. Kh1 Qh6
{Von h6 aus nimmt die Dame zwar wieder am Geschehen teil, aber dennoch wirken
die schwarzen Kräfte extrem unkoordiniert, und Weiß kann mit großer taktischer
Schlagfertigkeit forciert im Königsangriff gewinnen!} 27. Bxh7 $1 Qg7 {Damit
wähnte sich Schwarz in Sicherheit, um aber gleich nach ..} 28. Qh5 $1 $40 {
+- ...aus allen Wolken zu fallen.} Ra7 ({Oder: I} 28... Bd6 29. Rf7 $18) ({II} 
28... Qh6 29. Rxf8+ $1 Qxf8 (29... Kxh7 30. Rf7+ {mit Damengewinn}) 30. Be4+ {
nebst Matt}) 29. Bd3+ $2 ({Statt seine Angriffsleistung zu krönen, greift Weiß
schwer daneben. Forciert gewonnen hätte} 29. Qe8 $1 $18 Qxh7 (29... Kxh7 30.
Rxf8 Rc7 31. Qh5+ Qh6 32. Rh8+) 30. Rxf8+ Kg7 31. Rf3 $18 {Gegen den
Turmschwenk auf der 3.Reihe - nebst Matt oder Damengewinn - ist Schwarz
machtlos.} Qh6 (31... Qxc2 32. Qf8+ Kg6 (32... Kh7 33. Rh3+) 33. Rg3+ {jeweils
nebst Matt}) 32. Qf8+ Kh7 33. Rh3) 29... Kg8 30. Qe8 {Diesmal ist es zur
Abwechslung die weiße Dame, die zu spät eingreift.} e4 $1 {Caissa sei Dank!
Schwarz darf wieder mitmischen.} ({Alternativen, z.B.: I} 30... Rc7 $2 31. Bh7+
$1 Kxh7 32. Rxf8 $18) ({II} 30... Rf7 31. Rxf7 Qxf7 32. Qxc8 e4 33. Bxa6 Qf6
$11) 31. Bc4 {Wonach die Chancen wieder ausgeglichen sind.} Rc7 ({I} 31... Ra8
$2 32. Rf4 Qa1+ 33. Bf1 Qg7 34. h3 Qe7 35. Rg4+ Kh8 36. Qh5+ Qh7 37. Qe5+ Bg7
38. Qg5 Bd7 39. Rh4 $18) ({II} 31... Rf7 32. Rxf7 Qxf7 33. Qxc8 Qf6 (33... Qf4)
34. Qxe6+ Qxe6 35. Bxe6+ $11) 32. Qd8 Rf7 33. Qxc8 Rxf1+ 34. Bxf1 $11 Qd4 (
34... Qe5 {/Qf6} 35. Qxa6) 35. Qxe6+ Kg7 36. Qg4+ Kh8 37. Qh5+ Kg7 38. Qg4+ Kh8
39. Qh5+ Kg7 40. Qg5+ Kh8 41. Qh4+ Kg7 42. Qg3+ Kh8 43. c3 Qd1 44. Qe5+ Kg8 45.
Qe6+ Kg7 46. Qe5+ Kg8 47. Kg1 Qe1 48. Qe6+ Kg7 49. Qg4+ Kh8 50. Qh5+ Kg7 51.
Qg5+ Kh7 52. g3 Qxc3 53. Qf5+ Kg7 54. Qg4+ Kf6 55. Qf4+ Kg7 56. Qxe4 Qc5+ 57.
Kg2 Qd5 58. Qxd5 cxd5 59. Bxa6 $11 {Den Rest hätten sich die Herrschaften nun
wirklich ersparen können.} Bb4 60. Bb7 d4 61. Ba6 Kh6 62. Kf3 d3 63. Bxd3 Bc5
64. Bb5 Bb6 65. h4 Bc7 66. g4 Bd8 67. Kg3 Be7 68. g5+ Bxg5 69. hxg5+ Kxg5
1/2-1/2

[Event "WchT 9th"]
[Site "Antalya"]
[Date "2013.11.27"]
[Round "2.3"]
[White "Naiditsch, Arkadij"]
[Black "Yilmaz, Mustafa"]
[Result "1-0"]
[WhiteElo "2727"]
[BlackElo "2577"]
[Annotator "Mikhalchishin,A"]
[PlyCount "103"]
[EventDate "2013.11.26"]
[EventType "team-tourn"]
[EventRounds "9"]
[EventCountry "TUR"]
[SourceTitle "CBM 158"]
[Source "ChessBase"]
[SourceDate "2014.01.16"]
[SourceVersion "1"]
[SourceVersionDate "2014.01.16"]
[SourceQuality "1"]
[WhiteTeam "Germany"]
[BlackTeam "Turkey"]
[WhiteTeamCountry "GER"]
[BlackTeamCountry "TUR"]

1. e4 c5 2. Nf3 d6 3. d4 cxd4 4. Nxd4 Nf6 5. Nc3 a6 6. Bg5 e6 7. f4 h6 8. Bh4
Qb6 9. Qd2 Qxb2 10. Rb1 Qa3 11. e5 dxe5 12. fxe5 Nd5 ({Another sharper line
seems to be getting serious attention:} 12... g5 13. exf6 gxh4 14. Be2 Nd7 15.
O-O Qa5 16. Kh1 Qg5 17. Rf4 e5 18. Nd5 exd4 19. Qxd4 Kd8 20. Ne7 Qe5 21. Qd2
Bxe7 22. fxe7+ Qxe7 23. Bg4 f5 24. Rxf5 Re8 25. Rd5 b6 26. h3 Kc7 27. Qxh6 Rb8
28. Qf4+ Kb7 29. Qd4 Kc7 30. Qf4+ Kb7 31. Qd4 Kc7 32. Qf4+ {1/2 Guseinov,G 
(2607)-Areshchenko,A (2720)/Antalya TUR 2013}) 13. Nxd5 exd5 14. e6 Bxe6 15.
Nxe6 (15. Rxb7 {led to equality:} Bd6 16. Nxe6 fxe6 17. Be2 O-O 18. Qd4 Rf7 19.
Rxf7 Kxf7 20. O-O+ Kg8 21. Qg4 Qe3+ 22. Bf2 Qe5 23. Bg3 Qe3+ 24. Bf2 Qe5 25.
Bd4 Qxh2+ 26. Kf2 Qf4+ 27. Qxf4 Bxf4 {1/2 Karjakin,S (2782)-Anand,V (2786)/
Moscow 2013}) 15... fxe6 16. Bd3 ({Another serious option here is} 16. Be2 Be7
17. Bh5+ Kd8 18. Bxe7+ Qxe7 19. O-O Nd7 20. Rf7 $1 ({Weaker is} 20. Rxb7 Qc5+
21. Kh1 Rb8 22. Rxb8+ Nxb8 23. Qe2 Qb5 24. Qxb5 axb5 25. Rf7 Nc6 26. Rxg7 Rf8
27. Kg1 Nb4 28. Rb7 Nxc2 29. Rxb5 Ke7 30. a4 Ra8 31. Rb2 Ne3 {Shirov,A (2710)
-Hou,Y (2605)/Caleta 2012 Black has no problems.}) 20... Qc5+ 21. Kh1 Rf8 22.
Rxg7 Rc8 23. Qxh6 Qb4 24. Qc1 Qc3 25. Qg5+ Kc7 26. Bf7 Qc6 27. Qe7 {Solak,D 
(2618)-Zhigalko,S (2694)/Warsaw POL 2013 (35) with a good attack.}) 16... Be7
17. Bg6+ Kd8 18. Bxe7+ Qxe7 19. O-O Nd7 20. Rf7 Qc5+ 21. Kh1 Rf8 22. Rxg7 Rf6
23. Bd3 Kc7 24. c4 d4 25. Qe1 Raf8 26. Qe4 b6 27. Qh7 Rd8 28. h3 ({The former
main line is drawish:} 28. a4 Qe5 29. h3 Qc5 30. Ra1 $146 (30. Qe4 Rdf8 31. a5
Qxa5 32. c5 Qxc5 33. Bxa6 R8f7 34. Rxf7 Rxf7 35. Qxe6 Rf6 36. Qe8 Qf8 37. Qe4
Nc5 38. Rc1 Rc6 39. Qh7+ Nd7 40. Rd1 Qc5 41. Be2 b5 42. Bg4 Rd6 43. Bxd7 Rxd7
44. Qxh6 {1/2 Ljubicic-Shpakovsky, ICCF email 2009}) 30... Kd6 31. Rb1 Kc7 32.
Kg1 Qe5 33. Kh1 {1/2 Kosintseva,T (2517)-Hou,Y (2617)/Geneva SUI 2013}) 28...
Qd6 $2 ({It was preferable not to allow the break with} 28... Kd6) 29. c5 $1
bxc5 (29... Qxc5 {was dangerous:} 30. a4 Qd5 31. Be4 Qc4 32. Bf3) 30. Qe4 $1 {
Now the black king comes under attack.} Qd5 31. Qe1 $1 {White will find ways
to penetrate Black's position.} Kd6 32. Qa5 Ra8 ({Another way is not tempting
at all:} 32... Qa8 33. Rb7 Qxb7 34. Qxd8) 33. Re1 ({The bishop transfer was
very strong:} 33. Bc2 Rff8 34. Ba4) 33... Raf8 $2 ({The only chance was an
exchange sacrifice:} 33... Rff8 34. Be4 Qc4 35. Bxa8 Rxa8) 34. Qxa6+ Kc7 35.
Qa7+ Kc8 {Tactical strikes start!} 36. Bc4 $1 Qc6 37. Rb1 R6f7 38. Bb5 Qxb5 {
There is nothing else he can do.} 39. Rxb5 Rxg7 40. Rb7 Rf1+ 41. Kh2 Kd8 42.
Qa5+ Ke8 43. Qc7 Re7 44. Qc8+ Kf7 45. Rxd7 Rxd7 46. Qxd7+ Kf6 47. a4 {This
pawn easily decides the game.} Ke5 48. Qb5 Rc1 49. a5 Ke4 50. Qb2 Rc4 51. Qe2+
Kd5 52. Qa2 1-0

[Event "SCG-ch 2nd"]
[Site "Pancevo"]
[Date "2006.03.06"]
[Round "8"]
[White "Vuckovic, Bojan"]
[Black "Krivokapic, Marko"]
[Result "1-0"]
[WhiteElo "2506"]
[BlackElo "2352"]
[Annotator "Mueller,Karsten"]
[PlyCount "125"]
[EventDate "2006.02.27"]
[EventType "tourn"]
[EventRounds "13"]
[EventCountry "YUG"]
[EventCategory "11"]
[SourceTitle "CBM 112"]
[Source "ChessBase"]
[SourceDate "2006.06.07"]
[SourceVersion "1"]
[SourceVersionDate "2006.06.07"]
[SourceQuality "1"]

1. e4 c5 2. Nf3 d6 3. d4 cxd4 4. Nxd4 Nf6 5. Nc3 a6 6. Bg5 e6 7. f4 Qb6 8. Nb3
Be7 9. Be2 Nc6 10. Bxf6 gxf6 11. Qd2 Bd7 12. O-O-O h5 13. Rhf1 O-O-O 14. Rf3
Kb8 15. Kb1 Rdg8 16. Bf1 Rc8 17. a3 h4 18. Na4 Qa7 19. Rd3 Rc7 20. Qe1 b5 21.
Nc3 Qb6 22. a4 Na5 23. Nxb5 axb5 24. Nxa5 Ra7 25. b4 Rc8 26. Qe3 Qc7 27. Qd2
bxa4 28. Rd4 f5 29. Rc4 Qb6 30. Rxc8+ Bxc8 31. Nc4 Qc6 32. Nxd6 fxe4 33. c4 e3
34. Qd4 Rd7 35. c5 Bxd6 36. cxd6 Bb7 37. Qxe3 Rxd6 38. Rxd6 Qxd6 39. Qe5 Kc7
40. Kb2 f6 41. Qxd6+ Kxd6 42. Ka3 e5 43. g3 hxg3 44. hxg3 exf4 45. gxf4 Ke6 46.
Bh3+ f5 47. Kxa4 Be4 48. Kb3 Kd6 49. Kc3 Kd5 50. Bf1 Bf3 51. Bd3 Bg4 52. Bc2
Bh3 53. Bb1 Bg4 54. Bd3 Bh3 55. Bc2 Bg4 56. Kd3 Bh3 $6 ({Nach} 56... Bh5 {
muss Weiß große Genauigkeit walten lassen:} 57. Bb3+ Kd6 58. Kd4 Be8 59. Bc4
Bc6 60. Bd3 Bd7 61. b5 Be8 62. b6 Bd7 (62... Bf7 63. Bc4 Bh5 64. Bb5 Bf3 65.
Kc4 $18 {[%cal Gc4b4,Gb4a5]}) 63. Kc3 $1 (63. b7 $2 {spielt den Trumpf zu früh
aus:} Kc7 64. Ke5 Bc6 (64... Kxb7 $2 65. Bxf5 Be8 66. Kd6 Bh5 67. Be4+ Kc8 68.
Ke7 Bg4 69. Bd5 Kc7 70. Be6 Be2 71. f5 Bh5 72. f6 Bg6 73. Bd7 Bh5 74. Be8 $18)
65. Ba6 Be4 $11) 63... Be6 (63... Bc8 64. Kb4 Kc6 65. Ka5 $18) (63... Kc6 $2
64. Bb5+ Kxb5 65. b7 $18) 64. Kb4 Kc6 65. Bc4 Bc8 66. Ka5 Kd6 67. Ba6 Be6 68.
Bd3 Bc8 69. Kb5 $22 Kd5 70. Bxf5 $18) 57. Bb3+ Kc6 58. Bc4 Bg2 59. Kd4 Bh3 (
59... Kd6 60. Bd3 Ke6 61. Kc5 $18) 60. Bd3 Bg4 (60... Kd6 61. Ke3 Kc6 62. Kf2
$1 {Dominiert den Läufer.} Kb6 (62... Bg4 63. Be2 Bxe2 64. Kxe2 Kb5 65. Kd3
Kxb4 66. Kd4 $18) 63. Be2 Kc6 64. Kg3 $18) 61. Ke5 Kb6 62. Bxf5 Be2 63. Kd4 (
63. Kd4 Kb5 64. Bd3+ Bxd3 65. Kxd3 Kxb4 66. Kd4 Kb5 67. Kd5 Kb6 68. Kd6 Kb7 69.
f5 Kc8 70. Ke7 $18) 1-0